[Event "April 9 Early 2024"]
[Site "Chess.com"]
[Date "2024.04.09"]
[Round "2"]
[White "Molina, Roberto Junio Brito"]
[Black "Ozcan, Kaan"]
[Result "1-0"]
[Board "164"]
[WhiteFideId "2109450"]
[BlackFideId "34566422"]
[WhiteTitle "IM"]
[BlackTitle "FM"]
[WhiteElo "2870"]
[BlackElo "2421"]
[WhiteTeam "BRA"]
[BlackTeam "TUR"]
[WhiteClock "0:00:11"]
[BlackClock "0:00:02"]
[Variant "Standard"]

1. e4 {[%clk 0:03:00]}  e5 {[%clk 0:02:57]} 2. Nf3 {[%clk 0:03:00]}  Nc6 {[%clk 0:02:58]} 3. Bb5 {[%clk 0:02:59]}  Nf6 {[%clk 0:02:58]} 4. O-O {[%clk 0:02:59]}  Bd6 {[%clk 0:02:56]} 5. Re1 {[%clk 0:02:56]}  a6 {[%clk 0:02:53]} 6. Bf1 {[%clk 0:02:51]}  O-O {[%clk 0:02:52]} 7. c3 {[%clk 0:02:51]}  b5 {[%clk 0:02:51]} 8. d4 {[%clk 0:02:50]}  Bb7 {[%clk 0:02:51]} 9. d5 {[%clk 0:02:48]}  Ne7 {[%clk 0:02:51]} 10. a4 {[%clk 0:02:49]}  c6 {[%clk 0:02:45]} 11. dxc6 {[%clk 0:02:43]}  dxc6 {[%clk 0:02:46]} 12. c4 {[%clk 0:02:35]}  b4 {[%clk 0:02:43]} 13. Bg5 {[%clk 0:02:26]}  Ng6 {[%clk 0:02:40]} 14. Nbd2 {[%clk 0:02:25]}  h6 {[%clk 0:02:38]} 15. Bxf6 {[%clk 0:02:15]}  Qxf6 {[%clk 0:02:39]} 16. g3 {[%clk 0:02:08]}  Rfd8 {[%clk 0:02:38]} 17. Qc2 {[%clk 0:02:06]}  Nf8 {[%clk 0:02:34]} 18. Bg2 {[%clk 0:02:04]}  Ne6 {[%clk 0:02:34]} 19. Nb3 {[%clk 0:02:04]}  c5 {[%clk 0:02:33]} 20. Rad1 {[%clk 0:02:01]}  Nd4 {[%clk 0:02:34]} 21. Nbxd4 {[%clk 0:02:01]}  cxd4 {[%clk 0:02:34]} 22. b3 {[%clk 0:02:00]}  Rac8 {[%clk 0:02:30]} 23. Re2 {[%clk 0:02:00]}  Qe7 {[%clk 0:02:30]} 24. Ne1 {[%clk 0:01:59]}  a5 {[%clk 0:02:28]} 25. Nd3 {[%clk 0:01:59]}  Bc5 {[%clk 0:02:26]} 26. Qd2 {[%clk 0:01:58]}  Bd6 {[%clk 0:02:25]} 27. Rde1 {[%clk 0:01:57]}  Rc7 {[%clk 0:02:23]} 28. f4 {[%clk 0:01:57]}  f6 {[%clk 0:02:23]} 29. h4 {[%clk 0:01:55]}  Bc8 {[%clk 0:02:21]} 30. Kh2 {[%clk 0:01:50]}  Bg4 {[%clk 0:02:20]} 31. Rf2 {[%clk 0:01:50]}  Rf8 {[%clk 0:02:18]} 32. Bh3 {[%clk 0:01:49]}  Bxh3 {[%clk 0:02:18]} 33. Kxh3 {[%clk 0:01:50]}  Rcc8 {[%clk 0:02:17]} 34. Qe2 {[%clk 0:01:47]}  Qd7+ {[%clk 0:02:15]} 35. Qg4 {[%clk 0:01:47]}  Qxg4+ {[%clk 0:02:15]} 36. Kxg4 {[%clk 0:01:48]}  Kh7 {[%clk 0:02:03]} 37. h5 {[%clk 0:01:47]}  Kg8 {[%clk 0:02:03]} 38. Ref1 {[%clk 0:01:45]}  Rfe8 {[%clk 0:02:00]} 39. Re2 {[%clk 0:01:44]}  Re7 {[%clk 0:01:55]} 40. Kf3 {[%clk 0:01:43]}  Rce8 {[%clk 0:01:54]} 41. Rfe1 {[%clk 0:01:43]}  Kf7 {[%clk 0:01:53]} 42. Rd1 {[%clk 0:01:42]}  Rc8 {[%clk 0:01:48]} 43. fxe5 {[%clk 0:01:33]}  fxe5 {[%clk 0:01:49]} 44. Kg4 {[%clk 0:01:32]}  Ke6 {[%clk 0:01:48]} 45. Rf1 {[%clk 0:01:31]}  Rf7 {[%clk 0:01:40]} 46. Rxf7 {[%clk 0:01:31]}  Kxf7 {[%clk 0:01:41]} 47. Kf5 {[%clk 0:01:23]}  Re8 {[%clk 0:01:41]} 48. g4 {[%clk 0:01:12]}  Re6 {[%clk 0:01:38]} 49. g5 {[%clk 0:01:13]}  hxg5 {[%clk 0:01:25]} 50. Kxg5 {[%clk 0:01:13]}  Be7+ {[%clk 0:00:50]} 51. Kf5 {[%clk 0:01:02]}  Bd6 {[%clk 0:00:46]} 52. Rf2 {[%clk 0:00:56]}  Rh6 {[%clk 0:00:37]} 53. Nxe5+ {[%clk 0:00:38]}  Ke8 {[%clk 0:00:23]} 54. Nd3 {[%clk 0:00:16]}  Rxh5+ {[%clk 0:00:22]} 55. Ke6 {[%clk 0:00:16]}  Rh3 {[%clk 0:00:20]} 56. Kxd6 {[%clk 0:00:16]}  Rxd3 {[%clk 0:00:20]} 57. e5 {[%clk 0:00:12]}  Rxb3 {[%clk 0:00:15]} 58. e6 {[%clk 0:00:13]}  Re3 {[%clk 0:00:15]} 59. c5 {[%clk 0:00:13]}  d3 {[%clk 0:00:15]} 60. c6 {[%clk 0:00:11]}  Rxe6+ {[%clk 0:00:02]} 61. Kxe6 {[%clk 0:00:10]}  Kd8 {[%clk 0:00:02]} 62. Kd6 {[%clk 0:00:11]} 1-0

[Event "April 9 Early 2024"]
[Site "Chess.com"]
[Date "2024.04.09"]
[Round "2"]
[White "Dau Khuong Duy"]
[Black "Postnikov, Artem"]
[Result "1-0"]
[Board "166"]
[WhiteFideId "12424722"]
[BlackFideId "34153575"]
[WhiteTitle "CM"]
[BlackTitle "FM"]
[WhiteElo "2860"]
[BlackElo "2414"]
[WhiteTeam "VIE"]
[BlackTeam "RUS"]
[WhiteClock "0:00:08"]
[BlackClock "0:00:00"]
[Variant "Standard"]

1. e4 {[%clk 0:02:58]}  c5 {[%clk 0:02:41]} 2. Nf3 {[%clk 0:02:56]}  Nc6 {[%clk 0:02:41]} 3. Bb5 {[%clk 0:02:57]}  g6 {[%clk 0:02:38]} 4. Bxc6 {[%clk 0:02:53]}  dxc6 {[%clk 0:02:37]} 5. d3 {[%clk 0:02:54]}  Bg7 {[%clk 0:02:37]} 6. h3 {[%clk 0:02:54]}  Nf6 {[%clk 0:02:37]} 7. Nc3 {[%clk 0:02:55]}  Nd7 {[%clk 0:02:36]} 8. Be3 {[%clk 0:02:55]}  e5 {[%clk 0:02:36]} 9. Qd2 {[%clk 0:02:53]}  Qe7 {[%clk 0:02:35]} 10. Bh6 {[%clk 0:02:53]}  Bxh6 {[%clk 0:02:32]} 11. Qxh6 {[%clk 0:02:54]}  Nf8 {[%clk 0:02:17]} 12. Qg7 {[%clk 0:02:43]}  f6 {[%clk 0:01:18]} 13. Qxh8 {[%clk 0:02:42]}  Be6 {[%clk 0:01:16]} 14. g4 {[%clk 0:02:42]}  O-O-O {[%clk 0:01:16]} 15. g5 {[%clk 0:02:42]}  Nd7 {[%clk 0:01:15]} 16. gxf6 {[%clk 0:02:15]}  Nxf6 {[%clk 0:01:15]} 17. Qxd8+ {[%clk 0:02:14]}  Kxd8 {[%clk 0:01:12]} 18. Nxe5 {[%clk 0:02:13]}  Nh5 {[%clk 0:01:09]} 19. Ne2 {[%clk 0:01:52]}  Qf6 {[%clk 0:01:06]} 20. Ng4 {[%clk 0:01:15]}  Qxb2 {[%clk 0:01:04]} 21. Kd2 {[%clk 0:01:16]}  Qb4+ {[%clk 0:00:30]} 22. Nc3 {[%clk 0:01:11]}  Qd4 {[%clk 0:00:28]} 23. Ne2 {[%clk 0:01:09]}  Qb4+ {[%clk 0:00:27]} 24. Nc3 {[%clk 0:01:04]}  Qd4 {[%clk 0:00:27]} 25. Ne3 {[%clk 0:01:04]}  Nf4 {[%clk 0:00:24]} 26. Rhb1 {[%clk 0:00:42]}  c4 {[%clk 0:00:24]} 27. Ne2 {[%clk 0:00:40]}  Nxe2 {[%clk 0:00:22]} 28. Kxe2 {[%clk 0:00:41]}  cxd3+ {[%clk 0:00:21]} 29. cxd3 {[%clk 0:00:42]}  Kc7 {[%clk 0:00:21]} 30. h4 {[%clk 0:00:36]}  Qf6 {[%clk 0:00:19]} 31. a4 {[%clk 0:00:27]}  Qxh4 {[%clk 0:00:18]} 32. Rh1 {[%clk 0:00:27]}  Qe7 {[%clk 0:00:17]} 33. a5 {[%clk 0:00:26]}  a6 {[%clk 0:00:18]} 34. f4 {[%clk 0:00:24]}  Bg8 {[%clk 0:00:15]} 35. Rag1 {[%clk 0:00:21]}  Bb3 {[%clk 0:00:09]} 36. f5 {[%clk 0:00:20]}  gxf5 {[%clk 0:00:07]} 37. Nxf5 {[%clk 0:00:21]}  Qe5 {[%clk 0:00:05]} 38. Rxh7+ {[%clk 0:00:21]}  Kb8 {[%clk 0:00:05]} 39. Rgg7 {[%clk 0:00:20]}  Qb2+ {[%clk 0:00:03]} 40. Kf3 {[%clk 0:00:20]}  Be6 {[%clk 0:00:02]} 41. Rxb7+ {[%clk 0:00:14]}  Qxb7 {[%clk 0:00:03]} 42. Rxb7+ {[%clk 0:00:13]}  Kxb7 {[%clk 0:00:04]} 43. Nd6+ {[%clk 0:00:14]}  Kc7 {[%clk 0:00:04]} 44. Ne8+ {[%clk 0:00:13]}  Kd7 {[%clk 0:00:03]} 45. Ng7 {[%clk 0:00:13]}  Bh3 {[%clk 0:00:01]} 46. Ke3 {[%clk 0:00:13]}  c5 {[%clk 0:00:00]} 47. Nh5 {[%clk 0:00:08]} 1-0

[Event "April 9 Early 2024"]
[Site "Chess.com"]
[Date "2024.04.09"]
[Round "2"]
[White "Castellanos Hernandez, Lhia Itzayana"]
[Black "Klukin, Kirill"]
[Result "0-1"]
[Board "167"]
[WhiteFideId "5123569"]
[BlackFideId "24199273"]
[WhiteTitle "WCM"]
[BlackTitle "IM"]
[WhiteElo "2410"]
[BlackElo "2848"]
[WhiteTeam "MEX"]
[BlackTeam "RUS"]
[WhiteClock "0:02:04"]
[BlackClock "0:02:15"]
[Variant "Standard"]

1. c4 {[%clk 0:02:56]}  Nf6 {[%clk 0:02:54]} 2. d4 {[%clk 0:02:56]}  Nc6 {[%clk 0:02:53]} 3. Nc3 {[%clk 0:02:55]}  e6 {[%clk 0:02:53]} 4. e4 {[%clk 0:02:55]}  Bb4 {[%clk 0:02:54]} 5. f3 {[%clk 0:02:54]}  d6 {[%clk 0:02:49]} 6. Be3 {[%clk 0:02:49]}  O-O {[%clk 0:02:47]} 7. Bd3 {[%clk 0:02:48]}  e5 {[%clk 0:02:46]} 8. d5 {[%clk 0:02:47]}  Nd4 {[%clk 0:02:46]} 9. Ne2 {[%clk 0:02:47]}  Nxe2 {[%clk 0:02:40]} 10. Qxe2 {[%clk 0:02:47]}  Bxc3+ {[%clk 0:02:41]} 11. bxc3 {[%clk 0:02:47]}  b6 {[%clk 0:02:41]} 12. O-O {[%clk 0:02:45]}  Nd7 {[%clk 0:02:37]} 13. g3 {[%clk 0:02:39]}  Nc5 {[%clk 0:02:34]} 14. Bxc5 {[%clk 0:02:39]}  bxc5 {[%clk 0:02:33]} 15. f4 {[%clk 0:02:39]}  Qe7 {[%clk 0:02:24]} 16. Rf2 {[%clk 0:02:31]}  Bd7 {[%clk 0:02:22]} 17. fxe5 {[%clk 0:02:11]}  Qxe5 {[%clk 0:02:21]} 18. Qc2 {[%clk 0:02:07]}  Rab8 {[%clk 0:02:19]} 19. Raf1 {[%clk 0:02:04]}  Rb6 {[%clk 0:02:15]} 0-1

[Event "April 9 Early 2024"]
[Site "Chess.com"]
[Date "2024.04.09"]
[Round "2"]
[White "Salgado Lopez, Ivan"]
[Black "Osinovsky, Stepan"]
[Result "0-1"]
[Board "172"]
[WhiteFideId "2257327"]
[BlackFideId "4157354"]
[WhiteTitle "GM"]
[WhiteElo "2769"]
[BlackElo "2405"]
[WhiteTeam "ESP"]
[BlackTeam "RUS"]
[WhiteClock "0:00:24"]
[BlackClock "0:00:20"]
[Variant "Standard"]

1. e4 {[%clk 0:03:00]}  e5 {[%clk 0:02:59]} 2. Nf3 {[%clk 0:03:01]}  Nc6 {[%clk 0:02:58]} 3. Bc4 {[%clk 0:03:01]}  Nf6 {[%clk 0:02:55]} 4. d3 {[%clk 0:03:01]}  Be7 {[%clk 0:02:55]} 5. O-O {[%clk 0:02:58]}  d5 {[%clk 0:02:54]} 6. exd5 {[%clk 0:02:57]}  Nxd5 {[%clk 0:02:55]} 7. Re1 {[%clk 0:02:57]}  Bg4 {[%clk 0:02:55]} 8. h3 {[%clk 0:02:57]}  Bh5 {[%clk 0:02:55]} 9. g4 {[%clk 0:02:57]}  Bg6 {[%clk 0:02:55]} 10. Nxe5 {[%clk 0:02:57]}  Nxe5 {[%clk 0:02:56]} 11. Rxe5 {[%clk 0:02:57]}  Nb6 {[%clk 0:02:56]} 12. Bb3 {[%clk 0:02:55]}  O-O {[%clk 0:02:53]} 13. Nd2 {[%clk 0:02:50]}  Kh8 {[%clk 0:02:49]} 14. Nf3 {[%clk 0:02:21]}  f5 {[%clk 0:02:33]} 15. g5 {[%clk 0:02:21]}  Nd7 {[%clk 0:02:10]} 16. Re1 {[%clk 0:02:12]}  f4 {[%clk 0:02:08]} 17. Nh4 {[%clk 0:02:09]}  Be8 {[%clk 0:01:53]} 18. Nf3 {[%clk 0:01:34]}  Bh5 {[%clk 0:01:33]} 19. h4 {[%clk 0:01:29]}  Nc5 {[%clk 0:01:21]} 20. Kh2 {[%clk 0:01:16]}  Bd6 {[%clk 0:00:32]} 21. d4 {[%clk 0:01:05]}  Nxb3 {[%clk 0:00:31]} 22. axb3 {[%clk 0:01:06]}  Qd7 {[%clk 0:00:32]} 23. Ne5 {[%clk 0:00:59]}  f3 {[%clk 0:00:27]} 24. Rg1 {[%clk 0:00:44]}  Rf5 {[%clk 0:00:22]} 25. Rg3 {[%clk 0:00:24]}  Bxe5 {[%clk 0:00:20]} 0-1

[Event "April 9 Early 2024"]
[Site "Chess.com"]
[Date "2024.04.10"]
[Round "2"]
[White "Schnaider, Ilan"]
[Black "Bynum, Jacorey"]
[Result "1-0"]
[Board "173"]
[WhiteFideId "169013"]
[BlackFideId "39927644"]
[WhiteTitle "FM"]
[WhiteElo "2757"]
[BlackElo "2403"]
[WhiteTeam "ARG"]
[BlackTeam "USA"]
[WhiteClock "0:01:56"]
[BlackClock "0:00:54"]
[Variant "Standard"]

1. e4 {[%clk 0:03:00]}  c5 {[%clk 0:03:00]} 2. Nf3 {[%clk 0:03:01]}  e6 {[%clk 0:03:00]} 3. d4 {[%clk 0:03:01]}  cxd4 {[%clk 0:03:01]} 4. Nxd4 {[%clk 0:03:02]}  Nf6 {[%clk 0:03:01]} 5. Nc3 {[%clk 0:03:02]}  Nc6 {[%clk 0:03:02]} 6. Ndb5 {[%clk 0:03:02]}  Bc5 {[%clk 0:03:02]} 7. Nd6+ {[%clk 0:03:02]}  Ke7 {[%clk 0:03:02]} 8. Bf4 {[%clk 0:03:03]}  e5 {[%clk 0:03:02]} 9. Nf5+ {[%clk 0:03:04]}  Kf8 {[%clk 0:03:02]} 10. Bg5 {[%clk 0:03:05]}  d6 {[%clk 0:03:03]} 11. Bc4 {[%clk 0:03:04]}  Bxf5 {[%clk 0:03:01]} 12. exf5 {[%clk 0:03:04]}  h6 {[%clk 0:02:59]} 13. Bh4 {[%clk 0:02:59]}  Nd4 {[%clk 0:02:56]} 14. Bd3 {[%clk 0:02:59]}  Rc8 {[%clk 0:02:47]} 15. O-O {[%clk 0:02:59]}  Kg8 {[%clk 0:02:36]} 16. Ne4 {[%clk 0:02:53]}  Kh7 {[%clk 0:02:30]} 17. Bxf6 {[%clk 0:02:50]}  gxf6 {[%clk 0:02:29]} 18. Qh5 {[%clk 0:02:51]}  Rc7 {[%clk 0:02:16]} 19. Qh4 {[%clk 0:02:49]}  Kg7 {[%clk 0:02:03]} 20. c3 {[%clk 0:02:50]}  d5 {[%clk 0:01:50]} 21. Ng3 {[%clk 0:02:46]}  Nc6 {[%clk 0:01:45]} 22. Nh5+ {[%clk 0:02:46]}  Kf8 {[%clk 0:01:43]} 23. Rad1 {[%clk 0:02:42]}  Be7 {[%clk 0:01:35]} 24. Bc4 {[%clk 0:02:30]}  Rd7 {[%clk 0:01:35]} 25. Bb3 {[%clk 0:02:25]}  e4 {[%clk 0:01:25]} 26. Rfe1 {[%clk 0:02:20]}  Ne5 {[%clk 0:01:25]} 27. Nf4 {[%clk 0:02:18]}  Bc5 {[%clk 0:01:19]} 28. Bxd5 {[%clk 0:02:14]}  Nd3 {[%clk 0:01:15]} 29. Nxd3 {[%clk 0:02:01]}  Rxd5 {[%clk 0:01:15]} 30. Qxe4 {[%clk 0:02:01]}  Rg8 {[%clk 0:01:03]} 31. Qf3 {[%clk 0:01:59]}  Rg5 {[%clk 0:00:54]} 32. Nxc5 {[%clk 0:01:56]} 1-0

[Event "April 9 Early 2024"]
[Site "Chess.com"]
[Date "2024.04.09"]
[Round "2"]
[White "Matthes, Aaron"]
[Black "Assaubayeva, Bibisara"]
[Result "1/2-1/2"]
[Board "176"]
[WhiteFideId "16227310"]
[BlackFideId "13708694"]
[WhiteTitle "CM"]
[BlackTitle "IM"]
[WhiteElo "2400"]
[BlackElo "2737"]
[WhiteTeam "GER"]
[BlackTeam "KAZ"]
[WhiteClock "0:00:18"]
[BlackClock "0:00:20"]
[Variant "Standard"]

1. d4 {[%clk 0:03:00]}  Nf6 {[%clk 0:02:59]} 2. Nf3 {[%clk 0:03:00]}  g6 {[%clk 0:03:00]} 3. g3 {[%clk 0:02:59]}  Bg7 {[%clk 0:03:00]} 4. Bg2 {[%clk 0:03:00]}  O-O {[%clk 0:03:01]} 5. O-O {[%clk 0:03:01]}  c6 {[%clk 0:02:58]} 6. b3 {[%clk 0:02:51]}  d5 {[%clk 0:02:55]} 7. c4 {[%clk 0:02:52]}  a5 {[%clk 0:02:53]} 8. Nbd2 {[%clk 0:02:44]}  a4 {[%clk 0:02:52]} 9. Qc2 {[%clk 0:02:43]}  axb3 {[%clk 0:02:50]} 10. Qxb3 {[%clk 0:02:40]}  Na6 {[%clk 0:02:39]} 11. Ba3 {[%clk 0:02:35]}  Re8 {[%clk 0:02:38]} 12. Rfc1 {[%clk 0:02:30]}  Nc7 {[%clk 0:02:24]} 13. Bc5 {[%clk 0:02:11]}  Nd7 {[%clk 0:02:02]} 14. Bb4 {[%clk 0:01:55]}  e5 {[%clk 0:01:53]} 15. dxe5 {[%clk 0:01:41]}  Nxe5 {[%clk 0:01:54]} 16. Nxe5 {[%clk 0:01:39]}  Bxe5 {[%clk 0:01:55]} 17. Rab1 {[%clk 0:01:34]}  Bf5 {[%clk 0:01:54]} 18. e4 {[%clk 0:01:30]}  dxe4 {[%clk 0:01:51]} 19. Nxe4 {[%clk 0:01:30]}  Ne6 {[%clk 0:01:46]} 20. Rd1 {[%clk 0:01:21]}  Nd4 {[%clk 0:01:38]} 21. Qd3 {[%clk 0:00:49]}  Rxa2 {[%clk 0:01:31]} 22. Bc5 {[%clk 0:00:46]}  Ne2+ {[%clk 0:01:27]} 23. Kf1 {[%clk 0:00:38]}  Qxd3 {[%clk 0:01:20]} 24. Rxd3 {[%clk 0:00:39]}  Nc3 {[%clk 0:01:04]} 25. Re1 {[%clk 0:00:20]}  Bxe4 {[%clk 0:00:45]} 26. Bxe4 {[%clk 0:00:21]}  Bf6 {[%clk 0:00:34]} 27. Bf3 {[%clk 0:00:21]}  Rxe1+ {[%clk 0:00:33]} 28. Kxe1 {[%clk 0:00:22]}  Na4 {[%clk 0:00:22]} 29. Bd6 {[%clk 0:00:20]}  Nb2 {[%clk 0:00:20]} 30. Re3 {[%clk 0:00:18]}  Ra1+ {[%clk 0:00:17]} 31. Ke2 {[%clk 0:00:19]}  h5 {[%clk 0:00:17]} 32. Re8+ {[%clk 0:00:18]}  Kh7 {[%clk 0:00:17]} 33. Rb8 {[%clk 0:00:18]}  Nxc4 {[%clk 0:00:17]} 34. Bc7 {[%clk 0:00:17]}  Ra2+ {[%clk 0:00:17]} 35. Kf1 {[%clk 0:00:16]}  Na5 {[%clk 0:00:15]} 36. Bxa5 {[%clk 0:00:15]}  Rxa5 {[%clk 0:00:14]} 37. Rxb7 {[%clk 0:00:16]}  Ra1+ {[%clk 0:00:15]} 38. Kg2 {[%clk 0:00:16]}  Kg7 {[%clk 0:00:15]} 39. Bxc6 {[%clk 0:00:16]}  Re1 {[%clk 0:00:15]} 40. Bd5 {[%clk 0:00:16]}  Re7 {[%clk 0:00:16]} 41. Rxe7 {[%clk 0:00:16]}  Bxe7 {[%clk 0:00:17]} 42. h3 {[%clk 0:00:16]}  h4 {[%clk 0:00:17]} 43. gxh4 {[%clk 0:00:16]}  Bxh4 {[%clk 0:00:18]} 44. Bf3 {[%clk 0:00:17]}  f5 {[%clk 0:00:17]} 45. Be2 {[%clk 0:00:18]}  g5 {[%clk 0:00:18]} 46. Bf3 {[%clk 0:00:17]}  g4 {[%clk 0:00:19]} 47. hxg4 {[%clk 0:00:18]}  fxg4 {[%clk 0:00:20]} 48. Bxg4 {[%clk 0:00:18]}  Bxf2 {[%clk 0:00:20]} 1/2-1/2

[Event "April 9 Early 2024"]
[Site "Chess.com"]
[Date "2024.04.09"]
[Round "2"]
[White "Karttunen, Mika"]
[Black "Lemos, Dawton Almino"]
[Result "1-0"]
[Board "179"]
[WhiteFideId "502081"]
[BlackFideId "2146797"]
[WhiteTitle "IM"]
[BlackTitle "FM"]
[WhiteElo "2722"]
[BlackElo "2398"]
[WhiteTeam "FIN"]
[BlackTeam "BRA"]
[WhiteClock "0:00:33"]
[BlackClock "0:00:00"]
[Variant "Standard"]

1. e4 {[%clk 0:03:00]}  e6 {[%clk 0:02:55]} 2. d4 {[%clk 0:03:00]}  d5 {[%clk 0:02:55]} 3. Nc3 {[%clk 0:03:01]}  Nf6 {[%clk 0:02:55]} 4. e5 {[%clk 0:03:01]}  Nfd7 {[%clk 0:02:55]} 5. f4 {[%clk 0:03:01]}  c5 {[%clk 0:02:54]} 6. Nf3 {[%clk 0:03:02]}  Nc6 {[%clk 0:02:54]} 7. Be3 {[%clk 0:03:02]}  Be7 {[%clk 0:02:50]} 8. Qd2 {[%clk 0:03:00]}  O-O {[%clk 0:02:50]} 9. dxc5 {[%clk 0:02:56]}  Bxc5 {[%clk 0:02:49]} 10. Nd4 {[%clk 0:02:55]}  Nxd4 {[%clk 0:02:46]} 11. Bxd4 {[%clk 0:02:55]}  Bxd4 {[%clk 0:02:46]} 12. Qxd4 {[%clk 0:02:55]}  Qb6 {[%clk 0:02:46]} 13. Qxb6 {[%clk 0:02:54]}  Nxb6 {[%clk 0:02:47]} 14. Ne2 {[%clk 0:02:45]}  Nc4 {[%clk 0:02:38]} 15. b3 {[%clk 0:02:36]}  Ne3 {[%clk 0:02:31]} 16. Kd2 {[%clk 0:02:36]}  Nxf1+ {[%clk 0:02:20]} 17. Rhxf1 {[%clk 0:02:35]}  f5 {[%clk 0:02:15]} 18. Nd4 {[%clk 0:02:32]}  Kf7 {[%clk 0:02:10]} 19. Rf3 {[%clk 0:02:21]}  b6 {[%clk 0:02:07]} 20. Rc3 {[%clk 0:02:20]}  Re8 {[%clk 0:02:00]} 21. a4 {[%clk 0:02:11]}  Bd7 {[%clk 0:01:51]} 22. Rc7 {[%clk 0:02:09]}  Re7 {[%clk 0:01:47]} 23. a5 {[%clk 0:01:56]}  b5 {[%clk 0:01:44]} 24. b4 {[%clk 0:01:56]}  Be8 {[%clk 0:01:41]} 25. Rc3 {[%clk 0:01:43]}  a6 {[%clk 0:01:34]} 26. h3 {[%clk 0:01:34]}  Raa7 {[%clk 0:01:33]} 27. g4 {[%clk 0:01:27]}  g6 {[%clk 0:00:34]} 28. Rc8 {[%clk 0:01:05]}  Rec7 {[%clk 0:00:25]} 29. Rb8 {[%clk 0:01:04]}  Rcb7 {[%clk 0:00:22]} 30. Rxb7+ {[%clk 0:00:46]}  Rxb7 {[%clk 0:00:23]} 31. gxf5 {[%clk 0:00:47]}  exf5 {[%clk 0:00:08]} 32. Nb3 {[%clk 0:00:46]}  Bc6 {[%clk 0:00:01]} 33. Nc5 {[%clk 0:00:45]}  Ra7 {[%clk 0:00:02]} 34. c3 {[%clk 0:00:40]}  Ke7 {[%clk 0:00:02]} 35. Ke3 {[%clk 0:00:41]}  Kf7 {[%clk 0:00:03]} 36. Kd4 {[%clk 0:00:41]}  Ke7 {[%clk 0:00:03]} 37. h4 {[%clk 0:00:41]}  Kf7 {[%clk 0:00:03]} 38. Re1 {[%clk 0:00:40]}  Ke7 {[%clk 0:00:03]} 39. Re2 {[%clk 0:00:40]}  Kf7 {[%clk 0:00:04]} 40. e6+ {[%clk 0:00:39]}  Ke7 {[%clk 0:00:04]} 41. Ke5 {[%clk 0:00:38]}  Ra8 {[%clk 0:00:00]} 42. h5 {[%clk 0:00:33]} 1-0

[Event "April 9 Early 2024"]
[Site "Chess.com"]
[Date "2024.04.09"]
[Round "2"]
[White "Shishkov, Andrei"]
[Black "Yankelevich, Lev"]
[Result "1-0"]
[Board "182"]
[WhiteFideId "4500563"]
[BlackFideId "24684074"]
[WhiteTitle "IM"]
[BlackTitle "GM"]
[WhiteElo "2389"]
[BlackElo "2709"]
[WhiteTeam "EST"]
[BlackTeam "GER"]
[WhiteClock "0:00:13"]
[BlackClock "0:00:20"]
[Variant "Standard"]

1. d4 {[%clk 0:03:00]}  d6 {[%clk 0:03:00]} 2. e4 {[%clk 0:03:00]}  Nf6 {[%clk 0:03:00]} 3. f3 {[%clk 0:03:00]}  e5 {[%clk 0:03:01]} 4. dxe5 {[%clk 0:03:00]}  dxe5 {[%clk 0:03:01]} 5. Qxd8+ {[%clk 0:03:00]}  Kxd8 {[%clk 0:03:02]} 6. Bc4 {[%clk 0:03:01]}  Ke8 {[%clk 0:03:02]} 7. Be3 {[%clk 0:03:00]}  Bd6 {[%clk 0:02:58]} 8. Nd2 {[%clk 0:02:54]}  Nbd7 {[%clk 0:02:59]} 9. Ne2 {[%clk 0:02:48]}  Nc5 {[%clk 0:02:59]} 10. Nc1 {[%clk 0:02:40]}  Ke7 {[%clk 0:02:54]} 11. Ke2 {[%clk 0:02:33]}  a6 {[%clk 0:02:52]} 12. a4 {[%clk 0:02:25]}  Rd8 {[%clk 0:02:50]} 13. b4 {[%clk 0:02:02]}  Ne6 {[%clk 0:02:46]} 14. Nd3 {[%clk 0:02:02]}  Bd7 {[%clk 0:02:29]} 15. c3 {[%clk 0:01:59]}  Be8 {[%clk 0:02:26]} 16. Rhd1 {[%clk 0:01:42]}  h6 {[%clk 0:02:26]} 17. Bb3 {[%clk 0:01:27]}  Rac8 {[%clk 0:02:24]} 18. Nc4 {[%clk 0:01:23]}  Nd7 {[%clk 0:02:23]} 19. Na5 {[%clk 0:00:56]}  Rb8 {[%clk 0:02:17]} 20. Ba7 {[%clk 0:00:54]}  Ra8 {[%clk 0:02:17]} 21. Be3 {[%clk 0:00:51]}  Rdb8 {[%clk 0:02:18]} 22. c4 {[%clk 0:00:35]}  c6 {[%clk 0:02:14]} 23. c5 {[%clk 0:00:30]}  Bc7 {[%clk 0:02:15]} 24. Nc4 {[%clk 0:00:29]}  Rd8 {[%clk 0:02:08]} 25. a5 {[%clk 0:00:26]}  Rab8 {[%clk 0:02:06]} 26. Nb6 {[%clk 0:00:18]}  Bxb6 {[%clk 0:02:06]} 27. axb6 {[%clk 0:00:19]}  f6 {[%clk 0:02:06]} 28. Nb2 {[%clk 0:00:19]}  Ng5 {[%clk 0:01:57]} 29. h4 {[%clk 0:00:16]}  Bf7 {[%clk 0:01:51]} 30. Bxf7 {[%clk 0:00:14]}  Nxf7 {[%clk 0:01:52]} 31. Nc4 {[%clk 0:00:14]}  Nf8 {[%clk 0:01:51]} 32. Rxd8 {[%clk 0:00:13]}  Rxd8 {[%clk 0:01:52]} 33. Rd1 {[%clk 0:00:14]}  Rxd1 {[%clk 0:01:45]} 34. Kxd1 {[%clk 0:00:14]}  Ne6 {[%clk 0:01:45]} 35. Ke2 {[%clk 0:00:15]}  h5 {[%clk 0:01:44]} 36. g3 {[%clk 0:00:14]}  g6 {[%clk 0:01:44]} 37. Kd3 {[%clk 0:00:14]}  f5 {[%clk 0:01:44]} 38. Na5 {[%clk 0:00:12]}  Nfd8 {[%clk 0:01:38]} 39. Nc4 {[%clk 0:00:12]}  Nf7 {[%clk 0:01:36]} 40. Na5 {[%clk 0:00:12]}  Ned8 {[%clk 0:01:36]} 41. Bg5+ {[%clk 0:00:11]}  Nxg5 {[%clk 0:01:35]} 42. hxg5 {[%clk 0:00:12]}  Ke6 {[%clk 0:01:35]} 43. Ke3 {[%clk 0:00:12]}  Kf7 {[%clk 0:01:33]} 44. Nc4 {[%clk 0:00:11]}  Ke6 {[%clk 0:01:29]} 45. Nd6 {[%clk 0:00:12]}  h4 {[%clk 0:00:45]} 46. gxh4 {[%clk 0:00:11]}  f4+ {[%clk 0:00:46]} 47. Kf2 {[%clk 0:00:11]}  Ke7 {[%clk 0:00:45]} 48. Kg2 {[%clk 0:00:12]}  Kf8 {[%clk 0:00:44]} 49. Kh3 {[%clk 0:00:12]}  Kg7 {[%clk 0:00:44]} 50. Kg4 {[%clk 0:00:12]}  Kh7 {[%clk 0:00:44]} 51. h5 {[%clk 0:00:12]}  Kg7 {[%clk 0:00:45]} 52. h6+ {[%clk 0:00:12]}  Kh7 {[%clk 0:00:45]} 53. Kh3 {[%clk 0:00:12]}  Kg8 {[%clk 0:00:45]} 54. Kg2 {[%clk 0:00:12]}  Kh7 {[%clk 0:00:45]} 55. Kf2 {[%clk 0:00:13]}  Kg8 {[%clk 0:00:46]} 56. Ke2 {[%clk 0:00:13]}  Kh7 {[%clk 0:00:45]} 57. Kd3 {[%clk 0:00:14]}  Kg8 {[%clk 0:00:41]} 58. Kc4 {[%clk 0:00:14]}  Kh7 {[%clk 0:00:41]} 59. Kb3 {[%clk 0:00:14]}  Ne6 {[%clk 0:00:36]} 60. Nxb7 {[%clk 0:00:14]}  Nxg5 {[%clk 0:00:34]} 61. Nd8 {[%clk 0:00:14]}  Nxf3 {[%clk 0:00:34]} 62. b7 {[%clk 0:00:15]}  Nd4+ {[%clk 0:00:35]} 63. Kc4 {[%clk 0:00:15]}  f3 {[%clk 0:00:35]} 64. b8=Q {[%clk 0:00:15]}  Kxh6 {[%clk 0:00:35]} 65. Qxe5 {[%clk 0:00:15]}  Ne2 {[%clk 0:00:23]} 66. Qh2+ {[%clk 0:00:14]}  Kg5 {[%clk 0:00:23]} 67. Ne6+ {[%clk 0:00:13]}  Kf6 {[%clk 0:00:20]} 68. Nd4 {[%clk 0:00:13]} 1-0